Liedtext - Schwarz - Die Prinzen - Statistiken

Allgemein
  • Dieses Quiz wurde 7 mal gespielt
  • Das Durchschnittsergebnis liegt bei 72 aus 107
Antwortstatistiken
Antwort % Korrekt
die
100%
du
100%
Du
100%
es
100%
ich
100%
Ich
100%
in
100%
In
100%
so
100%
Alles
80%
aus
80%
da
80%
das
80%
Dass
80%
diese
80%
kann
80%
meine
80%
mir
80%
nichts
80%
schwarz
80%
War
80%
Weil
80%
bin
60%
Bist
60%
dein
60%
deine
60%
dir
60%
ein
60%
Nacht
60%
nur
60%
uns
60%
Vor
60%
wenn
60%
wie
60%
wir
60%
Agadir
40%
and'res
40%
Dann
40%
dann
40%
Füße
40%
Hände
40%
Jahren
40%
Kerzenlicht
40%
Kleider
40%
küsse
40%
leider
40%
Lieblingssklave
40%
Macht
40%
neben
40%
Orakel
40%
Prinz
40%
reichen
40%
schon
40%
schönste
40%
seh
40%
sehen
40%
siebenhundertdreizehn
40%
Sklavin
40%
Sonnenkönigin
40%
spricht
40%
spürst
40%
Tag
40%
Wände
40%
waren
40%
warst
40%
wird
40%
zusammen
40%
Keine übereinstimmenden Quizze gefunden
Verteilung der Resultate
Anzahl Personen mit jedem Resultat
Perzentil nach korrekt beantworteten Fragen
Ihre Resultats-Entwicklung
Sie haben dieses Quiz noch nicht gespielt